000 00617nam a2200193 a 4500
001 000017122
005 20240530073918.0
008 100317s1951 dr 000 f spa d
040 _aDO-SdBNP
_bspa
_cBNPHU
082 _aRD863.44
_bC723m
100 1 _aColson, Jaime,
_d1901-1975
_937723
245 1 3 _aEl maestro del vale :
_bnovela /
_cJaime Colson.
260 _aCiudad Trujillo, República Dominicana :
_bMontalvo,
_c1951.
300 _a285 p. ;
_c20 cm.
590 _aInventariado, 2018/LP
650 0 _aNovela dominicana
_9223
650 0 _aLiteratura dominicana.
_967
910 _aValidado. Control de calidad MFF
999 _c16648
_d16648